01488agaaa2200277 45000010005000000030009000050050017000140070009000310080040000400400023000800410013001031000048001161300030001642400036001942450151002302460029003812500022004102600105004323000032005375110086005695200409006555380016010645460013010806500057010937000060011507757IT-RoPAU20220918181309.0d cvaizq50131s9999||||xx ||| | || ||und|| aIT-RoPAUcIT-RoPAU aITALIANO aSchneider AlangCodice regista SPICS: 23569 aSALOTTO, CAMERA E SERVIZI aPARLOR, BEDROOM AND BATHgT0536 aSALOTTO, CAMERA E SERVIZIcProdotto da: Keaton Buster Diretto da: Schneider AlanpSALOTTO, CAMERA E SERVIZI (Rif. Codice opera principale : 67757) aPARLOR, BEDROOM AND BATH aEdizione Standard a(USA)bMETRO GOLDWYN MAYER / Distribuzione: RAI TREc"1931 (1° ed.: 1988 ; Ed. Lingua Orig.: 1931)" aVHSbsonoro, b&wc90 minuti a"Keaton Buster; Greenwood Charlotte; Denny Reginald; Edwards Cliff; Eilers Sally" aTERZO-FILM-SONORO-DI-BUSTER-KEATON JOSEPH-FRANCIS-KEATON-(1895-1966)-FU-SOPRANNOMINATO-BUSTER-(ROMPICOLLO)-DA-HARRY-HOUDINIRACCONTA LE AVVENTURE DI UN ATTACCHINO CHE A CAUSA DI UN INCIDENTE D'AUTO SI RITROVA NELLA FASTOSA VILLA DI UNA RICCA FAMIGLIA HOLLYWOODIANA L'INCONTRO CON UNA GIOVANE SMANIOSA SIGNORA LO COINVOLGE IN UN INTRECCIO AMOROSO CHE FINIRA' NELLA SUITE DI UN ALBERGO FILM IN BIANCO E NERO aPAL, STEREO aITALIANO aAVVENTUROSOeFILMS [VHS]xCodice MATERIA SPICS: 9960 aSchneider Alan e(regista)gCodice regista SPICS: 23569